Normale Ansicht MARC-Ansicht ISBD

Rossijskij konservatizm i reforma, 1907 - 1914 (Titelsatznr. 19417)

[ MARC ]
MARC-Details
000 -Satzkennung
Kontrollfeld mit fester Länge 00558nam a22001931c 4500
001 - Kontrollnummer
Kontrollfeld 517432242
008 - Feld mit fester Länge zur physischen Beschreibung - Allgemeine Angaben
Kontrollfeld mit fester Länge 080708s2006 gw |||| 000u rus d
020 ## - Internationale Standardbuchnummer
Internationale Standardbuchnummer 3898215032
Verknüpfung 3-89821-503-2
041 ## - Sprachcode
Sprachcode des Textes/der Tonspur oder des separaten Titels rus
-- eng
040 ## - Katalogisierungsquelle
Übertragungsstelle RU-10907106
003 - Kontrollnummer Identifier
Kontrollfeld RU-10907106
100 1# - Haupteintragung - Personenname
Personenname Luk'janov, Michail N.
245 00 - Titel
Titel Rossijskij konservatizm i reforma, 1907 - 1914
246 10 - Titelvarianten
Hauptsachtitel/Kurztitel Russian conservatism and reform, 1907 - 1914
264 ## - Produktion, Veröffentlichung, Distribution, Herstellung und Urheberrechtsvermerk
Herstellungs-, Veröffentlichungs- Vertriebs-, Erzeugungsort Stuttgart :
Produzent, Herausgeber, Distributor, Hersteller Ibidem-Verl.,
Datum der Herstellung, der Veröffentlichung, des Vertriebs oder des Urheberschutzvermerks 2006
300 ## - Physische Beschreibung
Umfang 282 S. ; 21 cm
700 1# - Nebeneintragung - Personenname
Personenname Steinberg, Mark D.
Funktionsbezeichnung VerfasserIn
942 ## - Zusätzliche Felder (Koha)
Koha-Medientyp Monographien
Exemplare
Ausgeschieden Verloren Klassifikation oder Aufstellungssystematik Beschädigt Nicht entleihbar Heimatbibliothek Aufenthaltsbibliothek Aufstellungsort Erwerbungsdatum Inventarnummer Signatur Barcode Letzte Aktivität Preis gültig von Koha-Medientyp
    Andere/Generische Klassifikation     MWN Osteuropa MWN Osteuropa Magazin - 2 08/07/2008 08-03966 R 55 ej Luk E00401507909797D 17/03/2021 22/03/2021 Monographien